000 00933nam a22002415i 4500
001 161424
003 ES-MaACL
005 20250721062640.0
008 000630s1896 sz |||| | fre d
040 _aCCPB | B
_bspa
_cCCPB | B
100 1 _aPareto, Vilfredo.
_989111
245 1 0 _aCours d'économie politique
_b: professé a l'Université de Lausanne /
_cVilfredo Pareto.
260 _aLausanne :
_bF. Rouge, éditeur ;
_aParis :
_bPichon, libraire ;
_aLeipzig :
_bDuncker & Humblot,
_c1896-1897 (
_eLausanne :
_fimp. H. Vallotton, Guex et Cie.)
300 _a2 v. ;
_c23 cm.
596 1 _aEn T.II. no aparece el ed. Duncker & Humblot.
597 1 _aT.I. (VIII, 430 p.) -- T.II. (426 p.)
650 0 7 _aEconomía
_2embne
_912006
752 _aSuiza -
_dLausanne
752 _aFrancia -
_dParís
752 _aAlemania -
_dLeipzig
852 _aES-MaACL
_jF-1980-1981
_z-- Enc. pasta española
999 _c161424
_d161424